Le néoclassicisme en espagne (Record no. 128135)

MARC details
000 -LEADER
campo de control de longitud fija 00712nam a2200193 i 4500
001 - NÚMERO DE CONTROL
campo de control 128135
003 - IDENTIFICADOR DE NÚMERO DE CONTROL
campo de control ES-MaACL
005 - FECHA Y HORA DE LA ÚLTIMA TRANSACCIÓN
campo de control 20230906193155.0
007 - CAMPO FIJO DE DESCRIPCIÓN FÍSICA--INFORMACIÓN GENERAL
campo de control de longitud fija t|
008 - DATOS DE LONGITUD FIJA--INFORMACIÓN GENERAL
campo de control de longitud fija 070622s1991 fr |||| | fre d
020 ## - NÚMERO INTERNACIONAL ESTÁNDAR DEL LIBRO
Número Internacional Estándar del Libro 2-908528-19-3
080 ## - NÚMERO DE LA CLASIFICACIÓN DECIMAL UNIVERSAL
Número de la Clasificación Decimal Universal 75.015.11(460)
245 03 - MENCIÓN DEL TÍTULO
Título Le néoclassicisme en espagne
Resto del título : journées d'étude, 20-21 juillet 1989 : Musée Goya, Castres.
260 ## - PUBLICACIÓN, DISTRIBUCIÓN, ETC.
Lugar de publicación, distribución, etc. Thonon-les-Bains ;
-- Haute-Savoie :
Nombre del editor, distribuidor, etc. Editions de l'Albaron :
-- Société présence du livre :
-- Groupe N.P.E,
Fecha de publicación, distribución, etc. [1991]
300 ## - DESCRIPCIÓN FÍSICA
Extensión 157 p ;
Dimensiones 24 cm.
650 14 - PUNTO DE ACCESO ADICIONAL DE MATERIA--TÉRMINO DE MATERIA
Término de materia o nombre geográfico como elemento de entrada Pintura neoclásica-
Subdivisión geográfica España.
9 (RLIN) 16068
710 2# - ENTRADA AGREGADA--NOMBRE DE ENTIDAD CORPORATIVA
Nombre de entidad corporativa o nombre de jurisdicción como elemento de entrada Musée Goya (Castres)
9 (RLIN) 5815
852 ## - LOCALIZACIÓN
Ubicación ES-MaACL
Número de control de estantería E-11804
Nota libre . - Biblioteca Jacinto Martínez Lacalle
Holdings
Estatus retirado Estado de pérdida Estado de daño No para préstamo Biblioteca de origen Biblioteca actual Ubicación en estantería Fecha de adquisición Fuente de adquisición Total de préstamos Signatura topográfica completa Código de barras Visto por última vez Precio de reemplazo Tipo de ítem Koha
        Biblioteca del Ateneo de Madrid Biblioteca del Ateneo de Madrid Depósito 2 17/01/2008     E-11804 1133461 23/02/2023 23/02/2023 Libro impreso